Электрические машины: учебник

Detalles Bibliográficos
Autor Principal: Епифанов А. П. Алексей Павлович
Summary:Учебник предназначен для студентов аграрных высших учебных заведений, обучающихся по специальности 110302 — «Электрификация и автоматизация сельского хозяйства». Может быть рекомендован студентам электротехнических специальностей, изучающим электрические машины в рамках подготовки бакалавров по направлению «Электротехника, электромеханика и электротехнологии». В книге рассмотрены следующие вопросы: физические основы электромеханического преобразования энергии; общие вопросы устройства и работы электрических машин; трансформаторы; асинхронные машины; синхронные машины; машины постоянного тока.
Idioma:ruso
Publicado: СПб., Лань, 2006
Series:Учебники для вузов. Специальная литература
Subjects:
Formato: MixedMaterials Libro
KOHA link:https://koha.lib.tpu.ru/cgi-bin/koha/opac-detail.pl?biblionumber=109603

MARC

LEADER 00000nam0a2200000 4500
001 109603
005 20231031120115.0
010 |a 581140669X 
035 |a (RuTPU)RU\TPU\book\118363 
090 |a 109603 
100 |a 20070209d2006 m y0rusy50 ca 
101 0 |a rus 
102 |a RU 
105 |a a j 001zy 
200 1 |a Электрические машины  |e учебник  |f А. П. Епифанов 
210 |a СПб.  |c Лань  |d 2006 
215 |a 264 с.  |c ил. 
225 1 |a Учебники для вузов. Специальная литература 
320 |a Библиогр.: с. 260-261. 
330 |a Учебник предназначен для студентов аграрных высших учебных заведений, обучающихся по специальности 110302 — «Электрификация и автоматизация сельского хозяйства». Может быть рекомендован студентам электротехнических специальностей, изучающим электрические машины в рамках подготовки бакалавров по направлению «Электротехника, электромеханика и электротехнологии». В книге рассмотрены следующие вопросы: физические основы электромеханического преобразования энергии; общие вопросы устройства и работы электрических машин; трансформаторы; асинхронные машины; синхронные машины; машины постоянного тока. 
610 1 |a электрические машины 
610 1 |a энергия 
610 1 |a электромеханические преобразования 
610 1 |a физические основы 
610 1 |a устройство 
610 1 |a трансформаторы 
610 1 |a асинхронные машины 
610 1 |a синхронные машины 
610 1 |a коллекторные машины постоянного тока 
610 1 |a учебники 
675 |a 621.313(075.8)  |v 3 
700 1 |a Епифанов  |b А. П.  |g Алексей Павлович 
801 1 |a RU  |b 63413507  |c 20070209  |g PSBO 
801 2 |a RU  |b 63413507  |c 20211007  |g PSBO 
900 |a Электротехника 
900 |a Электрические машины 
900 |a Электрические машины и электропривод 
942 |c BK 
951 |a 551300  |b 110302 
959 |a 10/20070129  |d 2  |e 256,00  |f ЧЗТЛ:2